000 00661nam a22002057a 4500
005 20241026144719.0
008 241026b |||||||| |||| 00| 0 eng d
020 _a9789988328955
050 _aNA2500
_b.Th34
100 _aKoranteng, Christian
245 _aTheory and Context in Architecture
_cChristian Koranteng, Barbara Simons, Kwabena Abrokwa Gyimah & Kofi Owusu
250 _a1st Ed.
260 _aKumasi, Ghana
_bUniversity Press Kumasi
_c2021
300 _axii. 156pages
_bill. some color
_c22.5cm
650 _2Architecture
700 _aSimons, Barbara
700 _aGyimah, Kwabena Abroakwa
700 _aOwusu, Kofi
942 _2lcc
_cBK
_e1st Ed.
_n0
999 _c254
_d254